| 000 | 00965nam a2200229Ii 4500 | ||
|---|---|---|---|
| 003 | JO-AjNU | ||
| 008 | 230605s9999||||xx |||||||||||||| ||und|| | ||
| 017 | _a5060/9/2019 | ||
| 020 | _a978-9957-23-503-1 | ||
| 040 |
_aJO-AjNU _bara _erda _cJO-AjNU |
||
| 041 | _aara | ||
| 050 | 1 | 4 | _aKZ6471.2020 |
| 100 | 3 |
_aمجموعة باحثين, _eauthor _964106 |
|
| 245 | 0 | 0 | _aمرجل الاحتلال: جوانب من واقع حقوق الانسان في العراق بعد الاحتلال الامريكي 2003 |
| 250 | _aط1 | ||
| 264 | 3 | 1 | _aبغداد: مؤسسة البصائر للدراسات والنشر، 2020 |
| 300 | _a160ص | ||
| 336 |
_atext _btxt _2rdacontent |
||
| 337 |
_aunmediated _bn _2rdamedia |
||
| 338 |
_avolume _bnc _2rdacarrier |
||
| 650 | 4 |
_aالحقوق المدنية والسياسية-حقوق الانسان في النزاعات المسلحة-الاحوال الاجتماعية-الاحتلال العسكري-العراق _964107 |
|
| 999 |
_aA29114 _c32682 _d32682 |
||